Meat in Europe /

Bibliographic Details
Main Author: Power, A. P.
Corporate Author: Foras Talúntais
Format: Book
Language:English
Published: Dublin : An Foras Talúntais, 1963.
Series:Economic research series (Foras Talúntais) ; 9.
Subjects:

MARC

Tag First Indicator Second Indicator Subfields
LEADER 00000cam a2200000K 4500
001 in00002724924
005 20151202144511.0
008 890905s1963 enk 000 0 eng d
029 1 |a NLGGC  |b 193277271 
035 |a (OCoLC)ocm20298514 
035 |a (OCoLC)20298514 
040 |a UGA  |c UGA  |d TXA  |d UtOrBLW 
049 |a TXAM 
082 0 4 |a 330 
090 |a TS1955  |b .P68 1963 
100 1 |a Power, A. P. 
245 1 0 |a Meat in Europe /  |c A.P. Power. 
264 1 |a Dublin :  |b An Foras Talúntais,  |c 1963. 
300 |a 3 unnumbered pages, 53 pages ;  |c 25 cm. 
336 |a text  |b txt  |2 rdacontent 
337 |a unmediated  |b n  |2 rdamedia 
338 |a volume  |b nc  |2 rdacarrier 
490 1 |a Economic Research Series ;  |v 9 
650 0 |a Meat  |z Europe. 
710 2 |a Foras Talúntais. 
830 0 |a Economic research series (Foras Talúntais) ;  |v 9. 
948 |a cataloged  |b h  |c 2011/11/29  |d c  |e hgolay  |f 3:17:43 pm 
994 |a C0  |b TXA 
999 |a MARS 
999 f f |s 3dafc707-97ce-390f-93f1-56f5621ec628  |i aeba7f8f-3704-357a-99ab-5fe5d37590e0  |t 0 
952 f f |p noncirc  |a Texas A&M University  |b College Station  |c Cushing Memorial Library & Archives  |d Cushing: Dykes (Does not check out)  |t 0  |e TS1955 .P68 1963  |h Library of Congress classification  |i unmediated -- volume  |m A14851938846 
998 f f |a TS1955 .P68 1963  |t 0  |l Cushing: Dykes (Does not check out)